000 00844nam a2200217Ia 4500
003 Ost
005 20260507074856.0
008 260507s9999||||xx |||||||||||||| ||und||
020 _a9773790404
040 _cfsecg
041 _aara
082 _a350
100 _aالصيرفي، محمد
_eمؤلف
245 0 _aالتطوير التنظيمي /
_c محمد الصيرفي
260 _aالاسكندرية:
_bدار الفكر الجامعي,
_c2006
300 _a311 صفحة؛
_bإيضاحات ؛
_c25 سم
504 _aبيبليوغرافيا: ص.305
520 _aيضم التطوير التنظيمي، أهداف التطوير، خصائص التطوير التنظيمي، مداخل التطوير التظيمي، مزايا وعيوب التطوير التنظيمي
653 _aالإدارة
942 _cكتاب
999 _c41613
_d41613